00443nam a2200157Ia 4500008004100000020001400041082001500055100004400070245004100114250000700155260003700162300002700199500001900226600002000245650002000265240925s9999 xx 000 0 und d a205156177 a361.32 DUB aDuBois, Brenda ; Miley ,Karla Krogsrud 0aSocial Work An Empowering Profession aNA aBoston:bAllyn and Baconc,1996. axi,299p.bNAfOriginal aIncludes Index aSocial Sciences aSocial Sciences